00264nam a2200109Ia 4500008004100000100001900041245004000060260001600100260000900116546001200125999001700137170619s9999 xx 000 0 und d aRajankar- S.O. 0aNetwork Synthesis and Filter Design bWiley-India c2011 aENGLISH c20462d20462